<?xml version="1.0" encoding="UTF-8"?><?xml-stylesheet type="text/xsl" href="static/style.xsl"?><OAI-PMH xmlns="http://www.openarchives.org/OAI/2.0/" xmlns:xsi="http://www.w3.org/2001/XMLSchema-instance" xsi:schemaLocation="http://www.openarchives.org/OAI/2.0/ http://www.openarchives.org/OAI/2.0/OAI-PMH.xsd"><responseDate>2026-04-17T05:11:51Z</responseDate><request verb="GetRecord" identifier="oai:www.recercat.cat:2445/44524" metadataPrefix="marc">https://recercat.cat/oai/request</request><GetRecord><record><header><identifier>oai:recercat.cat:2445/44524</identifier><datestamp>2025-11-20T13:50:04Z</datestamp><setSpec>com_2072_1057</setSpec><setSpec>col_2072_478799</setSpec><setSpec>col_2072_478917</setSpec></header><metadata><record xmlns="http://www.loc.gov/MARC21/slim" xmlns:dcterms="http://purl.org/dc/terms/" xmlns:xsi="http://www.w3.org/2001/XMLSchema-instance" xmlns:doc="http://www.lyncode.com/xoai" xsi:schemaLocation="http://www.loc.gov/MARC21/slim http://www.loc.gov/standards/marcxml/schema/MARC21slim.xsd">
   <leader>00925njm 22002777a 4500</leader>
   <datafield ind2=" " ind1=" " tag="042">
      <subfield code="a">dc</subfield>
   </datafield>
   <datafield ind2=" " ind1=" " tag="720">
      <subfield code="a">Blázquez Montenegro, Alicia</subfield>
      <subfield code="e">author</subfield>
   </datafield>
   <datafield ind2=" " ind1=" " tag="720">
      <subfield code="a">Nierga, Judit</subfield>
      <subfield code="e">author</subfield>
   </datafield>
   <datafield ind2=" " ind1=" " tag="720">
      <subfield code="a">Javierre Garcés, Casimiro F.</subfield>
      <subfield code="e">author</subfield>
   </datafield>
   <datafield ind2=" " ind1=" " tag="260">
      <subfield code="c">2013-07-01T10:34:54Z</subfield>
   </datafield>
   <datafield ind2=" " ind1=" " tag="260">
      <subfield code="c">2013-07-01T10:34:54Z</subfield>
   </datafield>
   <datafield ind2=" " ind1=" " tag="260">
      <subfield code="c">2011</subfield>
   </datafield>
   <datafield ind2=" " ind1=" " tag="260">
      <subfield code="c">2013-07-01T10:34:55Z</subfield>
   </datafield>
   <datafield ind2=" " ind1=" " tag="520">
      <subfield code="a">Objetivos: describir el proceso terapéutico y la posible influencia de las neuronas espejo en la empatía kinestésica empleando la terapia a través de la danza y el movimiento en el cáncer de mama. Método: se utilizó un estudio de caso. Una paciente diagnosticada con cáncer de mama desde hace dos años fue derivada al Departamento de Ciencias fisiológicas II de la Universidad de Barcelona. Ella asistió a una intervención con terapia a través de la danza y el movimiento durante 5 meses (1 hora semanal, 20 sesiones). Su historia clínica y las anotaciones tanto de ella como del terapeuta fueron revisadas. Resultado: La paciente mostró una mejora en su bienestar psicofísico percibido después de participar en el programa de terapia a través de la danza y el movimiento. Este tipo de intervención facilitó la recogida de información tanto a nivel físico como psicológico de la paciente. El proceso empático fue relevante para ello. Conclusiones: El bienestar percibido y expresado por la paciente a lo largo de las sesiones permite entrever la importancia clínica de la terapia a través de la danza y el movimiento. Una futura propuesta sería realizar dicha intervención en un contexto grupal, ampliando y diversificando el proceso empático al añadir al binomio terapeuta-paciente el de paciente-paciente.</subfield>
   </datafield>
   <datafield tag="653" ind2=" " ind1=" ">
      <subfield code="a">Càncer de mama</subfield>
   </datafield>
   <datafield tag="653" ind2=" " ind1=" ">
      <subfield code="a">Exercici terapèutic</subfield>
   </datafield>
   <datafield tag="653" ind2=" " ind1=" ">
      <subfield code="a">Dansateràpia</subfield>
   </datafield>
   <datafield tag="653" ind2=" " ind1=" ">
      <subfield code="a">Breast cancer</subfield>
   </datafield>
   <datafield tag="653" ind2=" " ind1=" ">
      <subfield code="a">Exercise therapy</subfield>
   </datafield>
   <datafield tag="653" ind2=" " ind1=" ">
      <subfield code="a">Dance therapy</subfield>
   </datafield>
   <datafield ind2="0" ind1="0" tag="245">
      <subfield code="a">Terapia a través de la danza y el movimiento en mujeres con cáncer de mama: el impacto psicofísico del proceso empático</subfield>
   </datafield>
</record></metadata></record></GetRecord></OAI-PMH>